Tise broken : a dark betrayal romance /

מידע ביבליוגרפי
מחבר ראשי: Archer, Tes (Author)
פורמט: ספר
שפה:English
יצא לאור: [place not identified] : Independently published, c2025.
מהדורה:Advance reader edition.
סדרה:The bleeding hearts series #2
נושאים:
Classic Catalogue: View this record in Classic Catalogue
LEADER 01594nam a22003257a 4500
001 45428
003 BD-DhAAL
005 20260309123733.0
008 260309t2025 bg ||||| |||| 00| 1 eng d
020 |a 97982277192504 (paperback) 
020 |a 9798277204924 (hardback) 
040 |a BD-DhAAL  |c BD-DhAAL 
082 |a 823  |2 23 
100 1 |a Archer, Tes,  |e author.  |9 57899 
245 |a Tise broken :  |b a dark betrayal romance /  
250 |a Advance reader edition. 
260 |a [place not identified] :   |b Independently published,  |c c2025. 
300 |a 566 pages ;  |c 21 cm 
400 |a Tasmia Dulok Mithia, Umme. 
490 |a The bleeding hearts series #2 
504 |a Includes bibliographical references. 
541 |a Donated by Umme Tasmia Dulok Mithia Student ID : 24110036 
650 |a English fiction. 
650 |a English literature. 
830 |a The bleeding hearts series #2  |9 60367 
852 |a Ayesha Abed Library  |c General Stacks 
942 |2 ddc  |c BK 
999 |c 47755  |d 47755 
952 |0 0  |1 0  |2 ddc  |4 0  |6 823_000000000000000_ARC  |7 0  |9 78869  |a BRACUL  |b BRACUL  |c NEW  |d 2026-03-03  |e Donated by Umme Tasmia Dulok Mithia (student ID : 24110036)  |l 2  |m 4  |o 823 ARC  |p 3010045428  |q 2026-06-02  |r 2026-04-23  |s 2026-04-23  |t 1  |y BK  |x Donated copy received from Donated by Umme Tasmia Dulok Mithia on 3 March 2026 US 22.46 
952 |0 0  |1 0  |2 ddc  |4 0  |6 823_000000000000000_ARC  |7 0  |9 78870  |a BRACUL  |b BRACUL  |c GEN  |d 2026-03-03  |e Donated by Umme Tasmia Dulok Mithia (student ID : 24110036)  |l 0  |o 823 ARC  |p 3010045429  |r 2026-03-09  |t 2  |y BK  |x Donated copy received from Donated by Umme Tasmia Dulok Mithia on 3 March 2026 US 22.46